| 000 | 00391pab a2200157 454500 | ||
|---|---|---|---|
| 008 | 180718b2014 xxu||||| |||| 00| 0 eng d | ||
| 100 | _aVarma, Navin | ||
| 245 | _aPersonality improvement test (PIT) | ||
| 260 | _c2014 | ||
| 300 | _ap.102-108. | ||
| 362 | _aJul-Sep | ||
| 650 | _aPersonality development | ||
| 700 | _aDutt, Girish | ||
| 773 | _aIndian Police Journal | ||
| 909 | _a107674 | ||
| 999 |
_c107669 _d107669 |
||